Encyclopedie populaire (Registro nro. 305745)

Detalles MARC
000 -ENCABEZADO
Número de control [NR] 01705cam a22003013 4500
001 - NÚMERO DE CONTROL
control field ocn560361428
003 - IDENTIFICADOR DE CONTROL NÚMERO
control field Co-BoUCM
005 - FECHA Y HORA DE LA ÚLTIMA TRANSACCIÓN
control field 20170119143918.0
008 - DE LONGITUD FIJA DE DATOS DE ELEMENTOS - INFORMACIÓN GENERAL
Elementos de longitud fija [NR] 880608s1880 fr fre 000 0 fre d
016 7# - NUMERO DE CONTROL DE AGENCIA BIBLIOGRAFICA NACIONAL [R]
Número de control [NR] 001069232
Fuente [NR] Uk
040 ## - FUENTE DE CATALOGACION [NR]
Agencia de catalogación original [NR] UKMGB
Idioma de catalogación [NR] spa
Quien Cataloga Sandra Yazo
Quien Clasifica Sandra Yazo
041 0# - CODIGO DE IDIOMA [R]
Código de idioma para texto/pista de sonido o título separado [R] Francés
082 04 - NUMERO DE CLASIFICACION DECIMAL DEWEY [R]
Número de la edición [NR] 20
Número de clasificación [R] 034
092 ## - SIGNATURA TOPOGRAFICA LOCAL
Número de clasificación local E41N017
100 1# - ASIENTO PRINCIPAL--NOMBRE PERSONAL [NR]
Nombre personal [NR] Conil, Pierre
Fechas asociadas con el nombre [NR] 1832-
ID Autoridad 83223
242 00 - TRADUCCION DEL TITULO POR LA AGENCIA CATALOGADORA [R]
Título [NR] Enciclopedia Popular
Mención de responsabilidad, etc. [NR] Publicada bajo la dirección de Pierre Conil
Código de idioma del título traducido [NR] spa
245 10 - MENCION DE TITULO [NR]
Título [NR] Encyclopedie populaire
Mención de responsabilidad, etc. [NR] Publiee sous la direction de M.P. Conil
260 ## - PUBLICACION, DISTRIBUCION, ETC. (PIE DE IMPRENTA) [R]
Lugar de publicación, distribución, etc. [R] París (Francia)
Nombre del editor, distribuidor, etc. [R] Librairie Poussielgue Frères [Librería de Poussielgue y Hermanos]
-- Impr. Mame [Imprenta Mame]
Fecha de publicación, distribución, etc. [R] 1880
300 ## - DESCRIPCION FISICA [R]
Extensión [R] viii, 2286 páginas
Otros detalles físicos [NR] 29 x 20 cm
500 ## - NOTA GENERAL [R]
Nota general [NR] Detalles fisicos: Encuadernación rígida en cartón duro forrado en tela texturizada. Lomo con decoración repujada y letras en dorado. Tapas con rectángulos concéntricos repujados. Guardas. Anteportada. Relación de colaboradores. Impresión del texto en dos columnas, deparadas por una línea vertical. Diferentes tipos y tamaños de letra. Guardas delanteras rotas. Descuadernado
505 2# - NOTA DE CONTENIDO CON FORMATO PREESTABLECIDO [R]
Nota de contenido con formato preestablecido [NR] A - Z
506 ## - NOTA DE RESTRICCIONES DE ACCESO [R]
Condiciones de acceso [NR] Consulta en sala
520 ## - NOTA DE RESUMEN, ETC. [R]
Nota de sumario, etc. [NR] Diccionario alfabético, con información sobre biografías antiguas y modernas, historia, geografía mitología, arquitectura, tecnología e inventos, física, química, matemáticas, astronomía, medicina, geología, zoología, economía, jurisprudencia y derecho usuales, temas militares y marítimos, música, deportes
546 ## - NOTA DE IDIOMA [R]
Nota de idioma [NR] Texto en francés
650 #7 - ASIENTO SECUNDARIO DE MATERIA - TERMINO TEMATICO [R]
9 (RLIN) 13228
Término temático o nombre geográfico como elemento de entrada [NR] Diccionarios y enciclopedias
690 ## - ASUNTO AGREGADO LOCAL DE ENTRADA - TÉRMINO TEMÁTICO (OCLC, RLIN)
Acceso temático local Enciclopedias
9 (RLIN) 83224
942 ## - ELEMENTOS DE ENTRADA AGREGADOS (KOHA)
Sistema de clasificación LOCAL
Tipo de ítem principal el descrito en 300a Libro
Edición 1
Clasificación E41N017
Existencias
Suprimido Perdido Sistema de clasificación Dañado No prestable Tipo de ítem específico Ubicación habitual Ubicación actual Localización Fecha de creación Forma de adquisición Costo Total préstamos Signatura topográfica Código de barras Última vez visto Ejemplar Price effective from Tipo de ítem
    LOCAL     Libro archivo Archivo Histórico Archivo Histórico Archivo histórico 11/01/2017 Donación 0.00   E41N017 L006044 11/01/2017 Ej.1 11/01/2017 Libro